000 01005nas a2200313 4500
001 BR0302625
003 BR-BrBNA
005 20231205103835.0
007 ta
008 230509b bl.|||p| |||| 00| 00por d
040 _aBR-BrBNA
_bpor
_cBiblioteca Nacional de Agricultura
041 _a(Pt)
072 _aL72; E50
100 1 _aRoque, A.L.R.
100 1 _aLegey, A.P.
100 1 _aVictorino, M.
100 1 _aD'Andrea, P.S.
100 1 _aJansen, A.M.
245 1 _aTrypanosoma cruzi e Thrichomys apereoides (Rodentia, Echimydae): a parasitologia como ferramenta no estudo da medicina ambiental
650 _aDOENÇA DE CHAGAS
650 _aANIMAL DE LABORATÓRIO
650 _aPARASITO DE ANIMAL
650 _aINOCULAÇÃO
650 _aMEIO AMBIENTE
650 _aERRADICAÇÃO
773 0 _tRevista Brasileira de Medicina Veterinária (Brazil)
_xISSN 0100-2430
_g(Jul-Aug 2002), v. 24(4) p. 148-150
_wBR0302625
909 _a202311
_bLúcia
_c55
_dLúcia Elande
942 _2AGRIS
_n0
_cANA
999 _c175005
_d175005